| 000 | 00950nam a22003017a 4500 | ||
|---|---|---|---|
| 003 | DO-SdBPM | ||
| 005 | 20250910091057.0 | ||
| 007 | ta | ||
| 008 | 171116b1986 mx |||| 00| 0 spa d | ||
| 020 | _a9684510985 | ||
| 040 |
_aDO-SdBPM _bspa _cBPMSU _erda |
||
| 082 | 4 |
_a150 _bM847b 1986 _222 |
|
| 100 | 1 |
_aMorgan, Clifford T. _eautor |
|
| 110 | _4 | ||
| 245 | 1 | 0 |
_aBreve introducción a la psicología / _cClifford T. Morgan ; traducción Agustín Bácena |
| 264 |
_aMéxico : _bMcGraw-Hill, _c1986. |
||
| 300 |
_a475 páginas : _bilustraciones ; _c20 cm. |
||
| 336 |
_atexto _btxt _2rdacontent |
||
| 337 |
_asin mediación _bn _2rdamedia |
||
| 338 |
_avolumen _bnc _2rdacarrier |
||
| 500 | _aIncluye índices | ||
| 590 | _aInventariado, 2025/VM | ||
| 650 | 7 |
_aPsicología _xEnseñanza |
|
| 650 | 7 | _aPruebas psicológicas. | |
| 700 | 1 |
_aBárcena, Agustín _4traductor |
|
| 910 | _aVMateo V. Control de calidad. BPMSU | ||
| 942 |
_2ddc _cBK |
||
| 999 |
_c12926 _d12926 |
||